Missing Word: Math at the Movies Quiz Stats

Quiz Updated Apr 3, 2016

Challenge
Share
Tweet
Embed
Score 0/20 Timer 02:00
2 Plays Today
Movie Title & Year Word % Correct
The SpongeBob ______Pants Movie (2004)Square
97.1%
Snakes on a _____ (2006)Plane
92.6%
Walk the ____ (2005)Line
91.7%
Mighty Morphin _____ Rangers (2005)Power
89.7%
Fast _____ at Ridgemont High (1982)Times
89.6%
The ___ Couple (1968)Odd
89.5%
____ Girls (2004)Mean
87.6%
____ Dark Thirty (2012)Zero
85%
The ___ of All Fears (2002)Sum
85%
The ______ Reloaded (2003)Matrix
80.2%
Movie Title & Year Word % Correct
Getting ____ with Dad (1994)Even
75%
_____ Break (1991)Point
74.7%
Lucky ______ Slevin (2006)Number
69.3%
Just ___ Water (2008)Add
68.6%
xXx: State of the _____ (2005)Union
67.7%
Continental ______ (1981)Divide
65.1%
49th ________ (1941)Parallel
56.2%
The ____ of All Evil (1947)Root
49.8%
_________ Dumbo Drop (1995)Operation
49.7%
Nick and Norah's _______ Playlist (2008)Infinite
49.5%

Today's Daily Dose

Missing Word
NPR Programs

Quick Pick
1991 Events

On This Day
June 18th II

You're not logged in!

Compare scores with friends on all Sporcle quizzes.
Join for Free
OR
Log In

You Might Also Like...

Show Comments

Extras

Top Quizzes Today


Score Distribution

Your Account Isn't Verified!

In order to create a playlist on Sporcle, you need to verify the email address you used during registration. Go to your Sporcle Settings to finish the process.

Report this User

Report this user for behavior that violates our Community Guidelines.

Details: